Marketing strategy

Bibliographic Details
Main Author: Fifield, Paul
Format: Book
Published: Oxford : Butterworth-Heinemann Ltd. , 1992
Series:The marketing series
Subjects:

MARC

LEADER 00000cam a2200000 7i4500
001 0000001029
002 000001138
005 20000330.0
020 |a 0750601515 
090 0 0 |a 658.8   |b FIF 
100 1 |a Fifield, Paul 
245 1 0 |a Marketing strategy   |c Paul Fifield 
260 |a Oxford :   |b Butterworth-Heinemann Ltd. ,   |c 1992 
300 |a 259p ;   |c 23cm. 
490 0 |a The marketing series 
650 0 0 |a Marketing 
999 |a 030207   |b BUKU   |c PINJAMAN   |e PERPUSTAKAAN KOMUNITI PETALING JAYA